| 000 | 00372nam a2200145Ia 4500 | ||
|---|---|---|---|
| 008 | 240624s9999 xx 000 0 und d | ||
| 041 | _aeng | ||
| 082 | _a658.0072 SEK | ||
| 100 | _aSEKARAN UMA | ||
| 245 | _aRESEARCH METHODS FOR BUSINESS A SKILL BU | ||
| 250 | _a(5th ed.) | ||
| 260 |
_c2003 _aSingapore _bJohn Wiley |
||
| 300 | _axiv, : 450 : p. : cm. ; 24 | ||
| 365 | _cRS | ||
| 999 |
_c1288 _d1288 |
||